| 000 | 00860nam a2200193 a 4500 | ||
|---|---|---|---|
| 003 | 0 | ||
| 005 | 20250412093632.0 | ||
| 008 | 970101s19uu xx 00 eng d | ||
| 050 |
_aPGS HQ 784.T4 _b.L925 2004 |
||
| 100 | _aLozada, Kristal Mae Cortezo. | ||
| 245 |
_aTV viewing habits and the effects on the academic performance of the grade 6 students of Southville International School and Colleges (SY 2003-2004) / _cKristal Mae Cortezo Lozada. |
||
| 260 |
_aLas PiƱas City, Philippines : _bSouthville International School and Colleges, _c2004. |
||
| 300 |
_a22 pages : _bcolored illustrations ; _c28 cm. |
||
| 504 | _aIncludes bibliographical references. | ||
| 650 |
_aTelevision and children _vAcademic performance. |
||
| 650 |
_aAcademic achievement _vInfluence of television. |
||
| 650 |
_aChildren _vStudy habits _vMedia influence. |
||
| 942 |
_2lcc _cPASS |
||
| 999 |
_c97014 _d97014 |
||